[Event "chessss"]
[Site "http://www.queenalice.com/game.php?id=662386"]
[Date "2009.10.4"]
[Round "-"]
[White "Petrucio"]
[Black "eli87"]
[Result "0-1"]
[WhiteElo "1454"]
[BlackElo "1578"]

1. e4 c5 2. b3 Nc6 3. Qh5 Nf6 4. Qxc5 Nxe4 5. Qd5 Nf6 6. Bc4 Nxd5 7. Bxd5 Nb4 8.
Be4 d5 9. c3 e5 10. cxb4 dxe4 11. a3 Be6 12. Bb2 Bxb3 13. Bxe5 Qd5 14. Bf4 Bd6
15. Be3 Be5 16. d4 Bxd4 17. Nd2 Bxa1 18. f3 Qd3 19. Bf4 e3 20. Nxb3 Bc3+ 21. Nd2
Qxd2+ 0-1

[Event "AUTO-ADV-1519"]
[Site "http://www.queenalice.com/game.php?id=673038"]
[Date "2009.10.27"]
[Round "1"]
[White "eli87"]
[Black "yclaudiu35"]
[Result "1-0"]
[WhiteElo "1755"]
[BlackElo "1884"]

1. Nf3 e6 2. c4 Qf6 3. d4 Bb4+ 4. Bd2 Nc6 5. e3 Bxd2+ 6. Nbxd2 Nh6 7. Bd3 g5 8.
Nb3 b6 9. Be4 Rb8 10. O-O Ne7 11. d5 Bb7 12. Qd3 Qg7 13. Rfd1 f5 14. dxe6 fxe4
15. Qxd7+ Kf8 16. Qd8+ 1-0

[Event "AUTO-ADV-1519"]
[Site "http://www.queenalice.com/game.php?id=673039"]
[Date "2009.10.27"]
[Round "1"]
[White "yclaudiu35"]
[Black "eli87"]
[Result "1-0"]
[WhiteElo "1722"]
[BlackElo "1754"]

1. e4 c5 2. a3 g6 3. Bc4 Bg7 4. Qf3 e6 5. c3 Ne7 6. Ne2 d5 7. exd5 exd5 8. Ba2
O-O 9. d4 c4 10. O-O Bf5 11. b3 b5 12. bxc4 bxc4 13. Ng3 Nd7 14. Re1 Re8 15.
Nxf5 Nxf5 16. Rxe8+ Qxe8 17. Be3 Nxe3 18. fxe3 Nf6 19. Nd2 Bh6 20. Re1 Qe7 21.
Nxc4 Rf8 22. Ne5 Bg7 23. Bxd5 Nxd5 24. Qxd5 1-0

[Event "AUTO-ADV-1519"]
[Site "http://www.queenalice.com/game.php?id=673040"]
[Date "2009.10.27"]
[Round "1"]
[White "eli87"]
[Black "micheleoneleven"]
[Result "0-1"]
[WhiteElo "1875"]
[BlackElo "2213"]

1. e4 g6 2. d4 Bg7 3. Nc3 d6 4. f4 Nf6 5. Nf3 O-O 6. e5 Nfd7 7. h4 c5 8. h5 cxd4
9. Qxd4 dxe5 10. fxe5 Nxe5 11. Qh4 Bf5 12. hxg6 Bxg6 13. Bh6 Bxh6 14. Qxh6 Nbc6
15. Ng5 Ng4 16. Qh3 Qd4 17. Nge4 f5 18. Rd1 Qe3+ 19. Qxe3 Nxe3 20. Ng5 Nxd1 21.
Bc4+ Kh8 22. Kxd1 e5 23. Kc1 Rac8 24. Be2 Nd4 25. Bh5 Bxh5 26. Rxh5 Rc7 27. Nd5
Rd8 28. Nf6 Ne2+ 0-1

[Event "AUTO-ADV-1519"]
[Site "http://www.queenalice.com/game.php?id=673041"]
[Date "2009.10.27"]
[Round "1"]
[White "micheleoneleven"]
[Black "eli87"]
[Result "1-0"]
[WhiteElo "2158"]
[BlackElo "1871"]

1. Nf3 c5 2. g3 d5 3. Bg2 Nc6 4. O-O e5 5. d3 Nf6 6. c4 Be7 7. cxd5 Nxd5 8. Nc3
Be6 9. Ng5 Nc7 10. Nxe6 Nxe6 11. Qb3 Qc7 12. e3 O-O 13. Nd5 Qd7 14. Bd2 Rac8 15.
Bc3 f6 16. f4 Kh8 17. f5 Ng5 18. Bd2 b6 19. Rad1 c4 20. dxc4 e4 21. Bc3 Qb7 22.
Qc2 Qa6 23. b3 b5 24. h4 Nf3+ 25. Kh1 bxc4 26. Qxe4 Nfe5 27. Bxe5 fxe5 28. Qxc4
Qxc4 29. bxc4 1-0

[Event "OK"]
[Site "http://www.queenalice.com/game.php?id=698128"]
[Date "2009.12.14"]
[Round "-"]
[White "TomasJeferson"]
[Black "eli87"]
[Result "0-1"]
[WhiteElo "1557"]
[BlackElo "1808"]

1. e4 c5 2. d3 Nc6 3. Nc3 e6 4. Bf4 d5 5. Nb5 e5 6. Bg3 d4 7. Nf3 Nf6 8. Be2 Be7
9. O-O O-O 10. a4 Nd7 11. Qd2 Bf6 12. h4 a6 13. Nd6 Qc7 14. Nf5 Re8 15. h5 h6
16. N3h4 Bxh4 17. Bxh4 Nf8 18. b3 Bxf5 19. exf5 f6 20. Bg4 Ne7 21. f3 Qd7 22.
Rf2 Nxf5 23. Bxf5 Qxf5 24. g4 Qf4 25. Qa5 g5 26. Bxg5 fxg5 27. Qxc5 Qg3+ 28. Rg2
Qxf3 29. Kh2 Ne6 30. Qb6 Nf4 31. Rg3 Qf2+ 32. Kh1 Qxg3 33. Qg6+ Nxg6 34. hxg6
Rf8 35. Rg1 Qh3# 0-1

[Event "Challenge"]
[Site "http://www.queenalice.com/game.php?id=704936"]
[Date "2009.12.28"]
[Round "-"]
[White "Kveirov"]
[Black "eli87"]
[Result "0-1"]
[WhiteElo "1879"]
[BlackElo "1821"]

1. e4 c5 2. Nf3 Nc6 3. d4 cxd4 4. Nxd4 e5 5. Nf3 Nf6 6. Nc3 Bb4 7. Bg5 h6 8. Bh4
d6 9. h3 O-O 10. Bc4 Nb8 11. O-O Nbd7 12. Nd5 g5 13. Nxg5 Nxd5 14. Qxd5 hxg5 15.
f4 gxh4 16. fxe5 Nxe5 0-1

[Event "Challenge"]
[Site "http://www.queenalice.com/game.php?id=705650"]
[Date "2009.12.30"]
[Round "-"]
[White "Aguinaldo"]
[Black "eli87"]
[Result "1-0"]
[WhiteElo "1822"]
[BlackElo "1770"]

1. e4 c5 2. Nf3 Nc6 3. Bb5 e6 4. Bxc6 bxc6 5. O-O Ne7 6. d3 d6 7. b3 e5 8. Bb2
Bg4 9. Nbd2 g6 10. h3 Bxf3 11. Nxf3 Bg7 12. Qe2 O-O 13. c3 Qc7 14. d4 Rfe8 15.
dxe5 dxe5 16. Qc4 Rad8 17. Qxc5 Qb6 18. Qxb6 axb6 19. c4 Nc8 20. Rfd1 Rxd1+ 21.
Rxd1 c5 22. Rd5 f6 23. a4 Ne7 24. Rd6 Nc8 25. Rc6 Bf8 26. Kf1 h5 27. Rxf6 Bd6
28. Rxg6+ Kf7 29. Rg5 1-0

[Event "Challenge"]
[Site "http://www.queenalice.com/game.php?id=706027"]
[Date "2009.12.30"]
[Round "-"]
[White "TomasJeferson"]
[Black "eli87"]
[Result "0-1"]
[WhiteElo "1664"]
[BlackElo "1860"]

1. e4 c5 2. Bc4 Nc6 3. Nc3 g6 4. Nf3 Bg7 5. d3 e6 6. b3 Bxc3+ 7. Bd2 Bxa1 8.
Qxa1 Nd4 9. Qc3 Nxf3+ 10. gxf3 Qf6 11. e5 Qxf3 12. Rg1 a6 13. a4 b5 14. Bxe6
fxe6 15. Qxc5 Ne7 16. Bg5 Qf7 17. Bh6 Nf5 18. Bg5 h6 19. Bf6 Rf8 20. Qb6 Qh7 21.
Kd2 Rxf6 22. exf6 Qf7 23. f4 bxa4 24. bxa4 Qxf6 25. a5 Nd4 26. Qd6 Nf3+ 27. Ke2
Nxg1+ 28. Kf2 Bb7 29. Kxg1 Qh4 30. Qe5 Qg4+ 31. Kf2 Qf3+ 32. Ke1 Qh1+ 33. Kd2
Qxh2+ 34. Kc3 Rc8+ 35. Kb4 Qxc2 36. Qh8+ Kf7 37. Qa1 Qc5+ 38. Kb3 Qb5+ 39. Ka3
Qxa5+ 40. Kb2 Qb4+ 41. Ka2 Bd5# 0-1

[Event "OK"]
[Site "http://www.queenalice.com/game.php?id=710776"]
[Date "2010.1.9"]
[Round "-"]
[White "eli87"]
[Black "TomasJeferson"]
[Result "1-0"]
[WhiteElo "1871"]
[BlackElo "1320"]

1. e4 e5 2. Nf3 Nc6 3. Bb5 a6 4. Ba4 b5 5. Bb3 h6 6. O-O Bd6 7. d4 a5 8. dxe5
Bxe5 9. Bxf7+ Kxf7 10. Qd5+ Kg6 11. Nxe5+ Kh7 12. Nxc6 1-0

[Event "--------------"]
[Site "http://www.queenalice.com/game.php?id=710778"]
[Date "2010.1.9"]
[Round "-"]
[White "TomasJeferson"]
[Black "eli87"]
[Result "0-1"]
[WhiteElo "1320"]
[BlackElo "1871"]

1. e4 c5 2. c4 Nc6 3. Nc3 g6 4. d3 Bg7 5. Bd2 d6 6. Nge2 Nf6 7. h3 e6 8. Ng3 Ne7
9. Qf3 d5 10. e5 Nd7 11. Bf4 Nxe5 12. Qe3 N7c6 0-1

[Event "AUTO-ADV-1607"]
[Site "http://www.queenalice.com/game.php?id=711870"]
[Date "2010.1.11"]
[Round "1"]
[White "eli87"]
[Black "carlosjvega"]
[Result "0-1"]
[WhiteElo "1720"]
[BlackElo "1771"]

1. e4 e5 2. Nf3 Nc6 3. Bb5 d6 4. d4 exd4 5. Qxd4 a6 6. Bxc6+ bxc6 7. O-O Qf6 8.
e5 Qd8 9. exd6 Qxd6 10. Re1+ Be6 11. Qxd6 Bxd6 0-1

[Event "AUTO-ADV-1607"]
[Site "http://www.queenalice.com/game.php?id=711871"]
[Date "2010.1.11"]
[Round "1"]
[White "carlosjvega"]
[Black "eli87"]
[Result "1-0"]
[WhiteElo "1756"]
[BlackElo "1735"]

1. c4 e5 2. Nc3 Bb4 3. Qb3 Nc6 4. a3 Nd4 5. Qd1 Bxc3 6. bxc3 Nc6 7. e4 Nf6 8. d4
exd4 9. cxd4 Nxe4 10. d5 Nxf2 11. Qe2+ 1-0